000 00604nam a2200121Ia 4500
008 220620s9999||||xx |||||||||||||| ||und||
100 _aShepherd, Dean A.||Patzelt, Holger
245 0 _aEntrepreneurial Strategy
_bStarting, Managing, and Scaling New Ventures
546 _aEnglish[eng]
650 _aEntrepreneurship||New Ventures||New Venture Creation||Startup||Lean Startup||Opportunity Co-Construction||Scaling||entrepreneur||opportunity||founder||entrepreneurial team||entrepreneurial cognition
856 _uhttps://library.oapen.org/bitstream/20.500.12657/50424/1/978-3-030-78935-0.pdf
942 _cEB
999 _c25326
_d25326